<L'> économie mondiale au 20e siecle cours professé a l'école supérieure d'organisation professionnelle

Saved in:
Bibliographic Details
Main Author: Jouvenel, Bertrand de
Format: Book
Language:French
Published: Paris Presses Universitaires de France 1944
Tags: Add Tag
No Tags, Be the first to tag this record!

MARC

LEADER 00000nam a2200000 4500
001 c126642
005 20041019155238.5
041 0 |a fre 
044 |a FR 
245 1 0 |a <L'> économie mondiale au 20e siecle  |b cours professé a l'école supérieure d'organisation professionnelle  |c Bertrand de Jouvenel 
264 1 |a Paris  |b Presses Universitaires de France  |c 1944 
300 |a 294 s. 
100 1 |a Jouvenel, Bertrand de